Open problems in topology /

Guardado en:
Otros Autores: Mill, J. van. (Editor ), Reed, George M. (Editor )
Formato: Libro
Idioma:English
Publicado: Amsterdam : North-Holland, 1990.
Materias:
Etiquetas: Agregar Etiqueta
Sin Etiquetas, Sea el primero en etiquetar este registro!
LEADER 02984cam a2200229 a 4500
001 MAT.inmabb003680
008 900615s1990####ne#a#####b####001#0#eng##
005 20130311151548.0
245 0 0 |a Open problems in topology /  |c edited by Jan van Mill, George M. Reed. 
260 |a Amsterdam :  |b North-Holland,  |c 1990. 
300 |a xiv, 692 p. :  |b il. ;  |c 25 cm. 
504 |a Incluye referencias bibliográficas e índices. 
505 0 |a Alan Dow, Dow's questions -- Juris Stepr =ans, Stepr =ans' problems -- F. D. Tall, Tall's problems -- Stephen Watson, Problems I wish I could solve -- William Weiss, Weiss's questions -- Gary Gruenhage, Perfectly normal compacta, cosmic spaces, and some partition problems -- Klaas Pieter Hart and Jan van Mill, Open problems on $ beta omega$ -- Peter Nyikos, On first countable, countably compact spaces. III. The problem of obtaining separable noncompact examples -- G. M. Reed, Set-theoretic problems in Moore spaces -- Mary Ellen Rudin, Some conjectures -- Jerry E. Vaughan, Small uncountable cardinals and topology -- H. R. Bennett and J. Chaber, A survey of the class MOBI -- H. R. Bennett and D. J. Lutzer, Problems in perfect ordered spaces -- P. J. Collins, G. M. Reed and A. W. Roscoe, The point-countable base problem -- Ben Fitzpatrick, Jr. and Hao Xuan Zhou, Some open problems in densely homogeneous spaces -- Kenneth Kunen, Large homogeneous compact spaces -- E. Michael, Some problems -- Roman Pol, Questions in dimension theory -- Howard Cook, W. T. Ingram and A. Lelek, Eleven annotated problems about continua -- James T. Rogers, Jr., Tree-like curves and three classical problems -- W. W. Comfort, Problems on topological groups and other homogeneous spaces -- Jimmie D. Lawson and Michael Mislove, Problems in domain theory and topology -- T. Y. Kong, R. Litherland and A. Rosenfeld, Problems in the topology of binary digital images -- J.-J. Ch. Meyer and E. P. de Vink, On relating denotational and operational semantics for programming languages with recursion and concurrency -- T. Dobrowolski and J. Mogilski, Problems on topological classification of incomplete metric spaces -- Robert J. Daverman, Problems about finite-dimensional manifolds -- Jerzy Dydak and Jack Segal, A list of open problems in shape theory -- G. E. Carlsson, Problems on algebraic topology -- Louis H. Kauffman, Problems in knot theory -- James E. West, Open problems in infinite-dimensional topology -- A. V. Arkhangel cprime ski u i, Problems in $C_p$-theory -- R. Daniel Mauldin, Problems in topology arising from analysis -- Marcy Barge and Judy Kennedy, Continuum theory and topological dynamics -- Sebastian van Strien, One-dimensional versus two-dimensional dynamics. 
510 4 |a MR,  |c 92c:54001 
020 |a 0444887687 
700 1 |a Mill, J. van.  |4 edt 
700 1 |a Reed, George M.  |4 edt 
650 0 |a Topology. 
084 |a 54-06 (55-06 00A07)  |2 msc2000 
010 |a  90041321  
040 |a DLC  |c DLC  |d DLC 
859 |h 54  |i Op61  |p A-6774  |b BIB. MATEMATICA